000 00916nam a2200265Ia 4500
005 20220317001524.0
008 161108s2015 sp g 000 0 s
020 _a9788472234857
082 0 4 _a928
_bA72a
100 1 _aArenas, Reinaldo
_d1943-1990
245 1 0 _aAntes que anochezca
_bautobiografía
_cReinaldo Arenas
250 _a11a. primera edición
300 _a343 páginas
_bfotografías en blanco y negro
_c23 cm
490 _aAndanzas
500 _aIncluye datos biográficos del autor
600 1 4 _aArenas, Reinaldo
_d1943-1990
_vAutobiografías
_974903
600 1 4 _aArenas, Reinaldo
_d1943-1990
_vRelatos personales
_974904
650 1 4 _2LEMB
_aEscritores cubanos
_vBiografía
942 _2ddc
_cBK
264 _aBarcelona
_bTusquets
_c2015
336 _atexto
_btxt
_2rdacontent
337 _asin mediación
_bn
_2rdamedia
338 _avolumen
_bnc
_2rdacarrier
040 _aCO-BoRNBP
_bspa
_erda
_cCO-BoRNBP
999 _c7238
_d7238